000 00533nam a22001932 4500
001 0000006010
005 20170406121148.0
008 150703s xx 000 0 eng d
020 _c$
040 _aYour Holding Symbol
_cYour Holding Symbol
100 1 _aSchneider Herbert W.
245 1 2 _aA History of american philosophy.
250 _a ed.
260 _aNew york :
_bColombia university press,
_c1946.
300 _a646 p. ;
_c cm.
504 _aindex.
650 0 _aamerican philosophy.
908 _a150703
999 _c5769
_d5769